000
00267nam a22001097a 4500
999
_c
8048
_d
8048
008
200703b ||||| |||| 00| 0 eng d
020
_a
9787560960418
082
_a
720.47
245
_a
ArchManual : ecology + sustainable + city future
260
_a
Chaina
942
_2
ddc